000 01077nam a2200301Ia 4500
005 20220316235656.0
008 121119s1992 sp a gr 000 0 spa
020 _a8420747858
041 _aspa
100 1 _aStevenson, Robert Louis
_d1850-1894
245 1 0 _aSecuestrado
_cRobert Louis Stevenson ; traducción, María Eugenia Santidrian ; ilustración, Víctor G. Ambrus
250 _aPrimera edición
300 _a269 páginas
_bilustraciones en blanco y negro
_c20 cm
650 1 4 _2LEMB
_aNovela inglesa
_ySiglo XIX
650 1 4 _2LEMB
_aLiteratura inglesa
_ySiglo XIX
650 1 4 _2LEMB
_aSecuestro en la literatura
650 1 4 _2LEMB
_aHistoria en la literatura
650 1 4 _2LEMB
_aViajes en la literatura
700 1 _aSantidrián, María Eugenia
_etraductor
_992429
700 1 _aAmbrus, Victor G.
_eilustrador
_967601
942 _2loc
_cBKLIT
264 _aMadrid
_bAnaya
_c[1992?]
336 _atexto
_btxt
_2rdacontent
337 _asin mediación
_bn
_2rdamedia
338 _avolumen
_bnc
_2rdacarrier
040 _aCO-BoRNBP
_bspa
_erda
_cCO-BoRNBP
084 _aN STE2
999 _c1785
_d1785